Organized Crime, Corruption and Crime Prevention : Essays in Honor of Ernesto U. Savona /

Spremljeno u:
Bibliografski detalji
Glavni autor: Caneppele, Stefano (edición)
Daljnji autori: Calderoni, Francesco (edición) (edición)
Format: Knjiga
Jezik:engleski
Izdano: Cham, Suiza : Springer, 2014, c2014
Teme:
Online pristup:Ver documento en línea
Oznake: Dodaj oznaku
Bez oznaka, Budi prvi tko označuje ovaj zapis!

MARC

LEADER 00000nam^a2200000^a^4500
001 000427777
005 20251023000000.0
009 20260310122816.664
020 |a 978-3-319-01839-3 
037 |a Acervo ITESO - Biblioteca 
041 |a ING 
082 |a 364. 4  |b CAN 
100 |a Caneppele, Stefano  |e (edición) 
245 1 0 |a Organized Crime, Corruption and Crime Prevention :  |b Essays in Honor of Ernesto U. Savona /  |c Ed. de S. Caneppele, F. Calderoni ; pról. de Ronald V. Clarke. 
264 4 |a Cham, Suiza :  |b Springer,  |c 2014, c2014 
264 2 |a Cham, Suiza :  |b Springer Link [distribución],  |c 2014 
300 |a 1 libro electrónico en línea (XXII, 337 p.) 
300 |a 1 recurso en línea 
336 |a datos para computadora  |b cod  |2 rdacontenido 
337 |a computadora  |b c  |2 rdamedio 
338 |a recurso en línea  |b cr  |2 rdasoporte 
506 0 |a Licencias ilimitadas 
649 |a XX 
650 |a Mujeres 
650 |a Migrantes 
650 |a Víctimas 
650 |a Corrupción 
650 |a Usura 
650 |a Lavado de Dinero 
650 |a Delitos Informáticos 
650 |a Delitos Económicos -  |x Aspectos Psicológicos 
650 |a Terrorismo -  |x Aspectos Económicos 
650 |a Mafia 
650 |a Crimen Organizado 
650 |a Delitos -  |x Prevención -  |x Tema Principal 
650 |a Criminalidad -  |x Prevención -  |x Tema Principal 
650 |a Delincuencia -  |x Prevención -  |x Tema Principal 
650 |a Política Criminológica 
650 |a Problemas Sociales 
650 |a Derecho Penal 
650 |a Criminología 
700 |a Calderoni, Francesco  |e (edición) 
856 4 0 |u https://link-springer-com.ezproxy.iteso.mx/10.1007/978-3-319-01839-3  |y Ver documento en línea 
910 |a Fondo General 
920 |a Electrónicos - Libros en Línea 
930 |a Plataforma Digital 
905 |a 205 
901 |a 427777-1  |b IT2  |c EBO  |i C172346  |u 20250521 
902 |a https://opac.biblio.iteso.mx/vufind/Record/000427777